000
00330 a2200145 4500
020
_a
972-44-0176-6
040
_a
ULA-LD-MS
082
_a
72
_b
72
100
_9
1180
_a
MUNARI;Bruno
245
_a
Design e Comunicaȧo Visual
260
_a
Lisboa,
_b
ediȯes 70
_c
1968.
300
_a
374p
650
_a
Arquitetura
942
_c
Livros
999
_c
2352
_d
2352